|
|
|
|
| LEADER |
00000cam a2200000 i 4500 |
| 001 |
1/22792 |
| 008 |
011025r19961990enk| |||| |||| ||eng|| |
| 020 |
|
|
|a 0582066603
|
| 035 |
|
|
|l 10067543
|
| 040 |
|
|
|a GR-MyUa
|b gre
|e AACR2
|
| 041 |
0 |
|
|a eng
|
| 082 |
7 |
|
|a 428.24
|2 (21)
|
| 100 |
1 |
|
|a Abbs, Brian,
|d 1935-
|
| 245 |
1 |
0 |
|a Blueprint one :
|b students' book /
|c Brian Abbs, Ingrid Freebairn.
|
| 250 |
|
|
|a 1st ed.
|b 17th impr.
|
| 260 |
|
|
|a Harlow, Essex :
|b Longman,
|c 1996, c1990.
|
| 300 |
|
|
|a 141 σ. :
|b εικ. ;
|c 27 εκ.
|
| 650 |
|
0 |
|a English language
|v Textbooks for foreign speakers.
|
| 700 |
1 |
|
|a Freebairn, Ingrid.
|
| 852 |
|
|
|a INST
|b SYROS
|e 20011025
|h 428.24 ABB
|p 005500000935
|q 005500000935
|t BK
|y 0
|
| 901 |
|
|
|a BIBL5-2001-3
|
| 970 |
|
|
|a Κοντού
|b Παρασκευή
|z 25/10/2001
|